[Event "31st Klatovy C 2025"]
[Site "Klatovy CZE"]
[Date "2025.06.29"]
[Round "2.16"]
[White "Hanzlik, Jiri"]
[Black "Bazantova, Marie"]
[Result "0-1"]
[WhiteElo "1688"]
[BlackElo "1854"]
[PlyCount "48"]
[EventDate "2025.06.28"]
[EventType "swiss"]
[EventRounds "9"]
[EventCountry "CZE"]

1. c4 e5 2. Nc3 Nf6 3. g3 c6 4. Bg2 d5 5. cxd5 cxd5 6. d3 h6 7. Bd2 Nc6 8. e3 Be7 9. Nge2 O-O 10. O-O Be6 11. a3 Qd7 12. Rc1 Rac8 13. Re1 d4 14. exd4 exd4 15. Ne4 Ne5 16. Bf4 Ng6 17. Rxc8 Rxc8 18. Nxf6+ Bxf6 19. Be4 Qb5 20. Bxg6 Bb3 21. Qb1 fxg6 22. Rc1 Re8 23. Re1 Qh5 24. f3 Qxf3 0-1

[Event "31st Klatovy C 2025"]
[Site "Klatovy CZE"]
[Date "2025.06.29"]
[Round "2.17"]
[White "Provaznik, Jan"]
[Black "Novy, Jaroslav"]
[Result "1/2-1/2"]
[WhiteElo "1846"]
[BlackElo "1744"]
[PlyCount "71"]
[EventDate "2025.06.28"]
[EventType "swiss"]
[EventRounds "9"]
[EventCountry "CZE"]

1. d4 Nf6 2. Nf3 e6 3. Nbd2 c5 4. e3 d5 5. b3 Nc6 6. Bb2 Be7 7. Bd3 O-O 8. a3 h6 9. O-O Bd7 10. Ne5 Nxe5 11. dxe5 Nh7 12. c4 f6 13. Qc2 Ng5 14. f4 Nf7 15. exf6 Bxf6 16. Nf3 Bxb2 17. Qxb2 Qf6 18. Qxf6 gxf6 19. cxd5 exd5 20. h3 Nd6 21. Rad1 Be6 22. Bc2 b5 23. g4 a5 24. Rfe1 Rfd8 25. f5 Bf7 26. Nh4 Kg7 27. Ng2 Ne4 28. Nf4 Nc3 29. Rd3 b4 30. a4 Re8 31. Kf2 Re5 32. Ne2 Nxe2 33. Rxe2 Rae8 34. Rdd2 c4 35. Rd4 c3 36. Kf3 1/2-1/2

[Event "31st Klatovy C 2025"]
[Site "Klatovy CZE"]
[Date "2025.06.29"]
[Round "2.18"]
[White "Tomecek, Marian"]
[Black "Vachal, Josef 1957"]
[Result "0-1"]
[WhiteElo "1566"]
[BlackElo "1845"]
[PlyCount "80"]
[EventDate "2025.06.28"]
[EventType "swiss"]
[EventRounds "9"]
[EventCountry "CZE"]

1. e4 d5 2. exd5 Nf6 3. d4 Nxd5 4. Bc4 e6 5. Nf3 Be7 6. O-O O-O 7. Qd3 Nc6 8. a3 a5 9. Nc3 Bf6 10. Nb5 Nce7 11. Bxd5 exd5 12. Bg5 Bf5 13. Qd2 Bxg5 14. Nxg5 c6 15. Nc3 Ng6 16. Ne2 h6 17. Ng3 Bd7 18. Nf3 Qf6 19. Rfe1 b6 20. Ne5 Nxe5 21. dxe5 Qg6 22. c4 Be6 23. cxd5 Bxd5 24. Re3 a4 25. Rae1 Rad8 26. Qc3 h5 27. Ne4 h4 28. h3 Rfe8 29. f4 f6 30. R1e2 fxe5 31. fxe5 Re6 32. Nd6 Rf8 33. Qd4 Rf3 34. Rxf3 Bxf3 35. Rf2 Bd5 36. Qxh4 Rxe5 37. Nc4 Re1+ 38. Kh2 b5 39. Nb6 Qd6+ 40. Qg3 Rh1+ 0-1

[Event "31st Klatovy C 2025"]
[Site "Klatovy CZE"]
[Date "2025.06.29"]
[Round "2.19"]
[White "Vavrinek, Tomas"]
[Black "Malik, Zdenek"]
[Result "1-0"]
[WhiteElo "1839"]
[BlackElo "1715"]
[PlyCount "55"]
[EventDate "2025.06.28"]
[EventType "swiss"]
[EventRounds "9"]
[EventCountry "CZE"]

1. d4 d5 2. Nf3 e6 3. Bf4 Nf6 4. e3 Be7 5. c4 a5 6. a3 Nbd7 7. Nc3 Nb6 8. cxd5 Nfxd5 9. Bg3 O-O 10. Bd3 c5 11. dxc5 Bxc5 12. Qc2 g6 13. Rd1 Bxe3 14. Be4 Bh6 15. h4 Qe7 16. h5 Nxc3 17. bxc3 f5 18. Bd6 Qf6 19. Bxf8 Bxf8 20. Bd3 Bd7 21. hxg6 hxg6 22. Qb3 Nd5 23. Bc4 a4 24. Qxb7 Qxc3+ 25. Nd2 Qe5+ 26. Kf1 Rd8 27. Nf3 Qc7 28. Bxd5 1-0

[Event "31st Klatovy C 2025"]
[Site "Klatovy CZE"]
[Date "2025.06.29"]
[Round "2.20"]
[White "Cecil, Pavel"]
[Black "Slegl, Milan"]
[Result "1-0"]
[WhiteElo "1820"]
[BlackElo "1639"]
[PlyCount "58"]
[EventDate "2025.06.28"]
[EventType "swiss"]
[EventRounds "9"]
[EventCountry "CZE"]

1. Nf3 Nf6 2. c4 e6 3. Nc3 d5 4. e3 b6 5. cxd5 exd5 6. g3 Be7 7. Bg2 O-O 8. O-O Bb7 9. d4 Nbd7 10. a3 c5 11. b3 Rc8 12. Bb2 Re8 13. Rc1 Rc7 14. Nb5 Rc8 15. a4 Ne4 16. Nd2 Bf6 17. Nxe4 dxe4 18. Nd6 cxd4 19. Nxc8 Nc5 20. Bxd4 Bxd4 21. Qxd4 Qxc8 22. b4 Rd8 23. Qa1 Qf5 24. bxc5 bxc5 25. Rfd1 Ra8 26. a5 h5 27. h4 Ba6 28. Qa4 Bb7 29. Qd7 Bc8 1-0

[Event "31st Klatovy C 2025"]
[Site "Klatovy CZE"]
[Date "2025.06.29"]
[Round "2.21"]
[White "Navratilova, Alena"]
[Black "Stanke, Vilem"]
[Result "1/2-1/2"]
[WhiteElo "1755"]
[BlackElo "1540"]
[PlyCount "42"]
[EventDate "2025.06.28"]
[EventType "swiss"]
[EventRounds "9"]
[EventCountry "CZE"]

1. Nf3 d6 2. d4 Nf6 3. g3 g6 4. Bg2 Bg7 5. O-O O-O 6. c3 Nbd7 7. Nbd2 c5 8. Re1 Rb8 9. e4 e5 10. dxe5 Nxe5 11. Nxe5 dxe5 12. Nc4 Nd7 13. Nd6 Qe7 14. Be3 b6 15. Nxc8 Rbxc8 16. Bh3 Rfd8 17. Qa4 Rc7 18. Rad1 Nf6 19. Rxd8+ Qxd8 20. Rd1 Qe7 21. Bg5 h6 1/2-1/2

[Event "31st Klatovy C 2025"]
[Site "Klatovy CZE"]
[Date "2025.06.29"]
[Round "2.22"]
[White "Zimmermann, Ladislav"]
[Black "Svec, Ludek"]
[Result "0-1"]
[WhiteElo "1517"]
[BlackElo "1755"]
[PlyCount "66"]
[EventDate "2025.06.28"]
[EventType "swiss"]
[EventRounds "9"]
[EventCountry "CZE"]

1. e4 c5 2. Nf3 e6 3. d4 cxd4 4. Nxd4 Nf6 5. Nc3 Nc6 6. Nxc6 bxc6 7. Bg5 Qa5 8. Bd2 Qc7 9. g3 Rb8 10. Rb1 Be7 11. Be2 d5 12. exd5 exd5 13. Bf4 Bd6 14. Qd2 Bxf4 15. Qxf4 Qxf4 16. gxf4 Rb4 17. f5 Bxf5 18. Bd3 Bg6 19. Bxg6 hxg6 20. O-O Rg4+ 21. Kh1 Rgh4 22. Rbe1+ Kd8 23. Kg2 Rxh2+ 24. Kf3 R8h3+ 25. Ke2 Kc7 26. Kd2 Kd6 27. Ne2 Ne4+ 28. Kc1 Rf3 29. Ng1 Rfxf2 30. Rxf2 Rxf2 31. Nh3 Rh2 32. Nf4 g5 33. Nd3 f5 0-1

[Event "31st Klatovy C 2025"]
[Site "Klatovy CZE"]
[Date "2025.06.29"]
[Round "2.23"]
[White "Macoun, Jiri"]
[Black "Dobsinsky, Petr"]
[Result "1-0"]
[WhiteElo "1747"]
[BlackElo "1460"]
[PlyCount "71"]
[EventDate "2025.06.28"]
[EventType "swiss"]
[EventRounds "9"]
[EventCountry "CZE"]

1. e4 c5 2. Bc4 Nc6 3. a3 d6 4. Nc3 g6 5. d3 Bg7 6. f4 Nf6 7. h3 Be6 8. Ba2 Bxa2 9. Rxa2 a6 10. Nf3 Nd4 11. O-O Nh5 12. Be3 Nxf3+ 13. Qxf3 Bd4 14. Ne2 Bxe3+ 15. Qxe3 Rc8 16. Raa1 b6 17. f5 Qc7 18. Rf3 Nf6 19. Raf1 Kd7 20. Nc3 Rce8 21. g4 Kc8 22. g5 Nd7 23. Nd5 Qd8 24. c3 e6 25. fxe6 fxe6 26. Nf6 Nxf6 27. gxf6 Ref8 28. d4 Rf7 29. e5 cxd4 30. cxd4 d5 31. Rc1+ Kb7 32. Qb3 Qd7 33. Rfc3 Qb5 34. Qc2 Qd7 35. a4 Rff8 36. Rc7+ 1-0

[Event "31st Klatovy C 2025"]
[Site "Klatovy CZE"]
[Date "2025.07.01"]
[Round "4.2"]
[White "Turner, Radek"]
[Black "Navratil, Jiri"]
[Result "1/2-1/2"]
[WhiteElo "2031"]
[BlackElo "1913"]
[PlyCount "75"]
[EventDate "2025.06.28"]
[EventType "swiss"]
[EventRounds "9"]
[EventCountry "CZE"]

1. c4 {[%emt 0:00:04]} e6 {[%emt 0:00:30]} 2. g3 {[%emt 0:00:11]} d5 {[%emt 0:00:05]} 3. Nf3 {[%emt 0:00:07]} Nf6 {[%emt 0:00:06]} 4. Bg2 {[%emt 0:00:04]} Be7 {[%emt 0:00:05]} 5. O-O {[%emt 0:00:06]} O-O {[%emt 0:00:04]} 6. d4 {[%emt 0:00:46]} Nbd7 {[%emt 0:03:01]} 7. Qc2 {[%emt 0:02:42]} c6 {[%emt 0:02:33]} 8. Nbd2 {[%emt 0:00:10]} b6 {[%emt 0:04:25]} 9. b3 {[%emt 0:00:31]} Bb7 {[%emt 0:00:07]} 10. Bb2 {[%emt 0:00:06]} Rb8 {[%emt 0:00:33]} 11. Rfd1 {[%emt 0:00:17]} h6 {[%emt 0:02:23]} 12. Rac1 {[%emt 0:00:10]} Bb4 {[%emt 0:02:02]} 13. e4 {[%emt 0:07:10]} Bxd2 {[%emt 0:15:35]} 14. Nxd2 {[%emt 0:03:09]} dxe4 {[%emt 0:00:37]} 15. Nxe4 {[%emt 0:00:31]} Nxe4 {[%emt 0:00:16]} 16. Bxe4 {[%emt 0:00:36]} Qg5 {[%emt 0:05:26]} 17. Qe2 {[%emt 0:06:49]} Nf6 {[%emt 0:01:49]} 18. h4 {[%emt 0:02:24]} Qg4 {[%emt 0:01:02]} 19. Qxg4 {[%emt 0:05:26]} Nxg4 {[%emt 0:00:23]} 20. Bf3 {[%emt 0:00:32]} Nf6 {[%emt 0:02:10]} 21. d5 {[%emt 0:03:00]} exd5 {[%emt 0:09:08]} 22. Bxf6 {[%emt 0:01:10]} gxf6 {[%emt 0:00:02]} 23. cxd5 {[%emt 0:00:18]} cxd5 {[%emt 0:00:07]} 24. Bxd5 {[%emt 0:00:18]} Rfd8 {[%emt 0:00:10]} 25. Bg2 {[%emt 0:04:13]} Bxg2 {[%emt 0:01:01]} 26. Kxg2 {[%emt 0:00:10]} Rxd1 {[%emt 0:00:05]} 27. Rxd1 {[%emt 0:00:12]} Rb7 {[%emt 0:00:02]} 28. Rd4 {[%emt 0:01:38]} Rc7 {[%emt 0:01:33]} 29. Rd8+ {[%emt 0:02:33]} Kg7 {[%emt 0:00:08]} 30. Rd2 {[%emt 0:01:29]} Rc5 {[%emt 0:01:50]} 31. Kf3 {[%emt 0:00:32]} a5 {[%emt 0:01:51]} 32. Ke3 {[%emt 0:03:11]} Kg6 {[%emt 0:05:15]} 33. Rd6 {[%emt 0:05:02]} Rc2 {[%emt 0:00:18]} 34. a4 {[%emt 0:13:05]} Rc3+ {[%emt 0:00:46]} 35. Rd3 {[%emt 0:00:14]} Rc5 {[%emt 0:01:03]} 36. Kd4 {[%emt 0:02:38]} Rf5 {[%emt 0:28:01]} 37. Ke3 {[%emt 0:08:48]} Rc5 {[%emt 0:01:35]} 38. Kd4 {[%emt 0:00:29]} 1/2-1/2

[Event "31st Klatovy C 2025"]
[Site "Klatovy CZE"]
[Date "2025.07.01"]
[Round "4.3"]
[White "Zidu, Jan"]
[Black "Pribyl, Rene"]
[Result "1/2-1/2"]
[WhiteElo "1922"]
[BlackElo "1905"]
[PlyCount "34"]
[EventDate "2025.06.28"]
[EventType "swiss"]
[EventRounds "9"]
[EventCountry "CZE"]

1. e4 {[%emt 0:00:03]} e5 {[%emt 0:00:01]} 2. Nf3 {[%emt 0:00:15]} Nf6 {[%emt 0:00:01]} 3. Nc3 {[%emt 0:02:52]} Nc6 {[%emt 0:00:03]} 4. Bb5 {[%emt 0:01:44]} Nd4 {[%emt 0:01:23]} 5. Nxd4 {[%emt 0:00:09]} exd4 {[%emt 0:00:04]} 6. e5 {[%emt 0:00:07]} dxc3 {[%emt 0:00:54]} 7. exf6 {[%emt 0:00:16]} Qxf6 {[%emt 0:01:03]} 8. dxc3 {[%emt 0:00:56]} Qe5+ {[%emt 0:02:57]} 9. Qe2 {[%emt 0:03:00]} Qxe2+ {[%emt 0:00:10]} 10. Bxe2 {[%emt 0:00:42]} Bc5 {[%emt 0:00:53]} 11. Bf4 {[%emt 0:01:27]} d6 {[%emt 0:00:40]} 12. O-O {[%emt 0:02:05]} Be6 {[%emt 0:01:15]} 13. Bf3 {[%emt 0:12:48]} O-O-O {[%emt 0:00:53]} 14. Rfe1 {[%emt 0:01:23]} Rde8 {[%emt 0:01:35]} 15. Be4 {[%emt 0:02:30]} h6 {[%emt 0:02:24]} 16. b3 {[%emt 0:04:41]} d5 {[%emt 0:01:54]} 17. Bd3 {[%emt 0:00:37]} Bd7 {[%emt 0:06:02]} 1/2-1/2

[Event "31st Klatovy C 2025"]
[Site "Klatovy CZE"]
[Date "2025.07.01"]
[Round "4.4"]
[White "Pavlicek, Petr"]
[Black "Sabol, Marian"]
[Result "1/2-1/2"]
[WhiteElo "1879"]
[BlackElo "2197"]
[PlyCount "39"]
[EventDate "2025.06.28"]
[EventType "swiss"]
[EventRounds "9"]
[EventCountry "CZE"]

1. e4 {[%emt 0:00:09]} c5 {[%emt 0:00:56]} 2. Nf3 {[%emt 0:00:12]} d6 {[%emt 0:00:07]} 3. d4 {[%emt 0:00:08]} cxd4 {[%emt 0:00:07]} 4. Nxd4 {[%emt 0:00:04]} Nf6 {[%emt 0:00:12]} 5. Nc3 {[%emt 0:00:05]} a6 {[%emt 0:00:08]} 6. g3 {[%emt 0:00:21]} e5 {[%emt 0:01:35]} 7. Nde2 {[%emt 0:00:28]} b5 {[%emt 0:00:20]} 8. Bg2 {[%emt 0:02:53]} Bb7 {[%emt 0:00:25]} 9. O-O {[%emt 0:00:32]} Nbd7 {[%emt 0:05:44]} 10. Nd5 {[%emt 0:05:38]} Bxd5 {[%emt 0:14:12]} 11. exd5 {[%emt 0:00:14]} g6 {[%emt 0:00:05]} 12. a4 {[%emt 0:02:33]} b4 {[%emt 0:03:15]} 13. a5 {[%emt 0:06:16]} Nc5 {[%emt 0:02:28]} 14. c3 {[%emt 0:05:03]} b3 {[%emt 0:01:09]} 15. Be3 {[%emt 0:01:25]} Nfd7 {[%emt 0:00:32]} 16. Nc1 {[%emt 0:01:11]} Rb8 {[%emt 0:04:22]} 17. Ra3 {[%emt 0:00:47]} Rb5 {[%emt 0:00:26]} 18. Nxb3 {[%emt 0:00:59]} Nxb3 {[%emt 0:00:13]} 19. Rxb3 {[%emt 0:00:08]} Qxa5 {[%emt 0:00:48]} 20. Ra3 {[%emt 0:05:44]} 1/2-1/2

[Event "31st Klatovy C 2025"]
[Site "Klatovy CZE"]
[Date "2025.07.01"]
[Round "4.5"]
[White "Hlavac, Rudolf"]
[Black "Kaderabek, Jiri"]
[Result "1-0"]
[WhiteElo "1923"]
[BlackElo "2045"]
[PlyCount "43"]
[EventDate "2025.06.28"]
[EventType "swiss"]
[EventRounds "9"]
[EventCountry "CZE"]

1. e4 {[%emt 19:50:04]} d6 {[%emt 0:09:31]} 2. d4 {[%emt 0:03:12]} Nf6 {[%emt 0:00:05]} 3. Nc3 {[%emt 0:00:14]} g6 {[%emt 0:00:04]} 4. f4 {[%emt 0:00:42]} Bg7 {[%emt 0:00:37]} 5. Nf3 {[%emt 0:00:11]} O-O {[%emt 0:01:11]} 6. e5 {[%emt 0:00:20]} Nfd7 {[%emt 0:02:18]} 7. Bc4 {[%emt 0:00:39]} Nb6 {[%emt 0:01:51]} 8. Be2 {[%emt 0:00:29]} d5 {[%emt 0:02:41]} 9. O-O {[%emt 0:01:46]} Bg4 {[%emt 0:01:55]} 10. h3 {[%emt 0:01:16]} Bxf3 {[%emt 0:00:05]} 11. Bxf3 {[%emt 0:00:30]} e6 {[%emt 0:01:13]} 12. a4 {[%emt 0:03:13]} N6d7 {[%emt 0:10:32]} 13. Ne2 {[%emt 0:04:05]} c5 {[%emt 0:02:04]} 14. c4 {[%emt 0:03:15]} Nc6 {[%emt 0:05:10]} 15. cxd5 {[%emt 0:01:00]} exd5 {[%emt 0:02:24]} 16. Bxd5 {[%emt 0:00:45]} Nb4 {[%emt 0:02:20]} 17. Bxb7 {[%emt 0:06:34]} Rb8 {[%emt 0:00:10]} 18. Be4 {[%emt 0:01:56]} cxd4 {[%emt 0:05:27]} 19. Qxd4 {[%emt 0:06:46]} Qe7 {[%emt 0:01:19]} 20. Qxa7 {[%emt 0:05:57]} f6 {[%emt 0:00:51]} 21. Rd1 {[%emt 0:00:44]} Qc5+ {[%emt 0:00:06]} 22. Be3 {[%emt 0:00:43]} 1-0

[Event "31st Klatovy C 2025"]
[Site "Klatovy CZE"]
[Date "2025.07.01"]
[Round "4.6"]
[White "Pelikan, Jaromir"]
[Black "Korsa, Jindrich"]
[Result "0-1"]
[WhiteElo "1876"]
[BlackElo "2021"]
[PlyCount "96"]
[EventDate "2025.06.28"]
[EventType "swiss"]
[EventRounds "9"]
[EventCountry "CZE"]

1. d4 {[%emt 0:00:07]} f5 {[%emt 0:00:10]} 2. g3 {[%emt 0:00:15]} Nf6 {[%emt 0:00:18]} 3. Bg2 {[%emt 0:00:08]} g6 {[%emt 0:00:22]} 4. c4 {[%emt 0:00:07]} Bg7 {[%emt 0:00:14]} 5. Nc3 {[%emt 0:00:51]} O-O {[%emt 0:00:19]} 6. Nf3 {[%emt 0:01:04]} c6 {[%emt 0:01:34]} 7. O-O {[%emt 0:00:11]} d6 {[%emt 0:00:50]} 8. Qc2 {[%emt 0:01:27]} Qe8 {[%emt 0:07:42]} 9. d5 {[%emt 0:06:31]} e5 {[%emt 0:04:52]} 10. dxe6 {[%emt 0:01:41]} Bxe6 {[%emt 0:04:44]} 11. Qb3 {[%emt 0:04:08]} b5 {[%emt 0:07:37]} 12. Qa3 {[%emt 0:03:14]} Bxc4 {[%emt 0:06:52]} 13. Qxd6 {[%emt 0:01:26]} Ne4 {[%emt 0:01:23]} 14. Nxe4 {[%emt 0:04:27]} fxe4 {[%emt 0:00:29]} 15. Ng5 {[%emt 0:04:49]} Bd5 {[%emt 0:05:25]} 16. Rd1 {[%emt 0:04:26]} Rf6 {[%emt 0:05:45]} 17. Qc5 {[%emt 0:02:21]} h6 {[%emt 0:09:20]} 18. Nh3 {[%emt 0:07:51]} Nd7 {[%emt 0:04:28]} 19. Qc2 {[%emt 0:03:36]} g5 {[%emt 0:02:54]} 20. a4 {[%emt 0:03:07]} b4 {[%emt 0:03:36]} 21. Be3 {[%emt 0:09:28]} Qe6 {[%emt 0:06:53]} 22. Qd2 {[%emt 0:05:14]} a5 {[%emt 0:01:02]} 23. Rac1 {[%emt 0:05:54]} Ne5 {[%emt 0:05:32]} 24. Bd4 {[%emt 0:05:06]} Rf7 {[%emt 0:02:49]} 25. Bxe5 {[%emt 0:00:44]} Qxe5 {[%emt 0:00:44]} 26. Qe3 {[%emt 0:06:29]} Re8 {[%emt 0:05:00]} 27. b3 {[%emt 0:01:39]} Qb2 {[%emt 0:02:36]} 28. Rb1 {[%emt 0:10:22]} Qc3 {[%emt 0:02:06]} 29. Rd3 {[%emt 0:02:55]} Qe5 {[%emt 0:04:44]} 30. Rdd1 {[%emt 0:01:06]} Rfe7 {[%emt 0:00:42]} 31. Qc5 {[%emt 0:04:25]} Qe6 {[%emt 0:06:11]} 32. Qc2 {[%emt 0:04:29]} Bc3 {[%emt 0:00:42]} 33. e3 {[%emt 0:00:22]} Rd7 {[%emt 0:04:46]} 34. Kh1 {[%emt 0:00:35]} Red8 {[%emt 0:01:19]} 35. Rdc1 {[%emt 0:02:23]} c5 {[%emt 0:03:09]} 36. Ng1 {[%emt 0:01:14]} Bc6 {[%emt 0:01:08]} 37. Qe2 {[%emt 0:02:16]} Rd2 {[%emt 0:00:55]} 38. Bh3 {[%emt 0:01:15]} Qf7 {[%emt 0:00:56]} 39. Qf1 {[%emt 0:01:47]} Rxf2 {[%emt 0:00:50]} 40. Be6 {[%emt 0:00:39]} Qxe6 {[%emt 0:01:01]} 41. Qxf2 {[%emt 0:00:18]} Rd2 {[%emt 0:01:58]} 42. Qf1 {[%emt 0:00:28]} Rd3 {[%emt 0:02:06]} 43. Qe2 {[%emt 0:01:33]} Bd5 {[%emt 0:00:46]} 44. Rd1 {[%emt 0:02:35]} Bxb3 {[%emt 0:03:38]} 45. Rxd3 {[%emt 0:00:23]} exd3 {[%emt 0:00:05]} 46. Qxd3 {[%emt 0:00:08]} Qd5+ {[%emt 0:00:36]} 47. Qxd5+ {[%emt 0:00:20]} Bxd5+ {[%emt 0:00:01]} 48. Nf3 {[%emt 0:00:36]} Bxf3+ {[%emt 0:00:08]} 0-1

[Event "31st Klatovy C 2025"]
[Site "Klatovy CZE"]
[Date "2025.07.01"]
[Round "4.7"]
[White "Ondrejat, Miroslav"]
[Black "Burianek, Petr"]
[Result "1/2-1/2"]
[WhiteElo "2012"]
[BlackElo "1901"]
[PlyCount "30"]
[EventDate "2025.06.28"]
[EventType "swiss"]
[EventRounds "9"]
[EventCountry "CZE"]

1. e4 {[%emt 0:00:04]} e5 {[%emt 0:00:13]} 2. Nf3 {[%emt 0:00:18]} Nc6 {[%emt 0:00:34]} 3. Bc4 {[%emt 0:00:07]} Nf6 {[%emt 0:01:22]} 4. Ng5 {[%emt 0:02:34]} d5 {[%emt 0:01:10]} 5. exd5 {[%emt 0:01:24]} Na5 {[%emt 0:00:05]} 6. Bb5+ {[%emt 0:00:17]} c6 {[%emt 0:00:40]} 7. dxc6 {[%emt 0:00:04]} bxc6 {[%emt 0:00:02]} 8. Bd3 {[%emt 0:00:36]} h6 {[%emt 0:03:24]} 9. Ne4 {[%emt 0:00:18]} Nd5 {[%emt 0:03:54]} 10. g3 {[%emt 0:17:43]} Be7 {[%emt 0:02:02]} 11. O-O {[%emt 0:07:44]} O-O {[%emt 0:01:03]} 12. Re1 {[%emt 0:01:00]} Qc7 {[%emt 0:05:46]} 13. b3 {[%emt 0:05:27]} f5 {[%emt 0:05:14]} 14. Nec3 {[%emt 0:00:09]} Nf6 {[%emt 0:08:19]} 15. Bf1 {[%emt 0:16:56]} Rb8 {[%emt 0:03:43]} 1/2-1/2

[Event "31st Klatovy C 2025"]
[Site "Klatovy CZE"]
[Date "2025.07.01"]
[Round "4.9"]
[White "Andersen, Jorgen M"]
[Black "Kovar, Petr"]
[Result "1-0"]
[WhiteElo "1928"]
[BlackElo "1887"]
[PlyCount "85"]
[EventDate "2025.06.28"]
[EventType "swiss"]
[EventRounds "9"]
[EventCountry "CZE"]

1. c4 c5 2. Nc3 Nf6 3. e4 Nc6 4. g3 g6 5. Bg2 Bg7 6. Nge2 O-O 7. O-O Ne8 8. d3 Nc7 9. Be3 Ne6 10. Qd2 Re8 11. g4 Ned4 12. f4 e6 13. Ng3 d6 14. g5 Bd7 15. h4 f5 16. h5 Qa5 17. h6 Bh8 18. Rad1 Rab8 19. Qf2 b5 20. Nxb5 Nxb5 21. cxb5 Qxb5 22. b3 Nd4 23. Rfe1 Bc6 24. Kh1 Qb7 25. Rc1 Re7 26. Rc4 Qb6 27. b4 Bb5 28. bxc5 dxc5 29. Rb1 Qd6 30. e5 Bxc4 31. exd6 Rxb1+ 32. Kh2 Rd7 33. dxc4 Rxd6 34. Bxd4 Bxd4 35. Qf3 Bg1+ 36. Kh3 Rb8 37. Ne2 Bd4 38. Qa3 Rd7 39. Bc6 Rc7 40. Nxd4 cxd4 41. Qd6 Rbc8 42. Qxe6+ Kf8 43. Qf6+ 1-0

[Event "31st Klatovy C 2025"]
[Site "Klatovy CZE"]
[Date "2025.07.01"]
[Round "4.10"]
[White "Novotny, Jaroslav 1956"]
[Black "Zednik, Zdenek"]
[Result "1/2-1/2"]
[WhiteElo "1946"]
[BlackElo "1877"]
[PlyCount "47"]
[EventDate "2025.06.28"]
[EventType "swiss"]
[EventRounds "9"]
[EventCountry "CZE"]

1. e4 d6 2. d4 Nf6 3. Bd3 g6 4. Nf3 c5 5. dxc5 Qa5+ 6. Nc3 Qxc5 7. O-O a6 8. Be3 Qc7 9. h3 Bg7 10. Qd2 Nbd7 11. Bh6 O-O 12. Bxg7 Kxg7 13. Nd5 Nxd5 14. exd5 Ne5 15. Nxe5 dxe5 16. c4 e6 17. Rfd1 exd5 18. cxd5 Rd8 19. Rac1 Qd6 20. Bc4 b5 21. Bb3 Bb7 22. Qe3 Rac8 23. Rxc8 Rxc8 24. Qd2 1/2-1/2

[Event "31st Klatovy C 2025"]
[Site "Klatovy CZE"]
[Date "2025.07.01"]
[Round "4.11"]
[White "Vavrinek, Tomas"]
[Black "Sedlak, Ludek"]
[Result "0-1"]
[WhiteElo "1839"]
[BlackElo "1937"]
[PlyCount "46"]
[EventDate "2025.06.28"]
[EventType "swiss"]
[EventRounds "9"]
[EventCountry "CZE"]

1. d4 d5 2. Nf3 Nf6 3. Bg5 e6 4. e3 Nbd7 5. c4 c6 6. Qc2 Qa5+ 7. Nc3 Ne4 8. Bd3 Nxg5 9. Nxg5 dxc4 10. Bxc4 Qxg5 11. O-O Nf6 12. f4 Qa5 13. e4 Be7 14. Rf3 b5 15. Bd3 Bb7 16. Raf1 Rd8 17. e5 Nd5 18. Nxd5 Rxd5 19. f5 Qb6 20. fxe6 Qxd4+ 21. Kh1 Rxe5 22. exf7+ Kf8 23. Bxh7 Rh5 0-1

[Event "31st Klatovy C 2025"]
[Site "Klatovy CZE"]
[Date "2025.07.01"]
[Round "4.12"]
[White "Novak, Vaclav 1968"]
[Black "Skopec, Lubos"]
[Result "1/2-1/2"]
[WhiteElo "1837"]
[BlackElo "1905"]
[PlyCount "31"]
[EventDate "2025.06.28"]
[EventType "swiss"]
[EventRounds "9"]
[EventCountry "CZE"]

1. e4 c5 2. Nf3 d6 3. Bb5+ Bd7 4. Bxd7+ Qxd7 5. O-O Nf6 6. Re1 Nc6 7. Nc3 e6 8. d4 cxd4 9. Nxd4 Be7 10. Nxc6 Qxc6 11. Qe2 O-O 12. Nb5 a6 13. Nd4 Qc7 14. c3 Rad8 15. Bg5 Rfe8 16. h3 1/2-1/2

[Event "31st Klatovy C 2025"]
[Site "Klatovy CZE"]
[Date "2025.07.01"]
[Round "4.13"]
[White "Berka, Lubos"]
[Black "Tvrdy, Jindrich"]
[Result "1/2-1/2"]
[WhiteElo "1836"]
[BlackElo "1893"]
[PlyCount "49"]
[EventDate "2025.06.28"]
[EventType "swiss"]
[EventRounds "9"]
[EventCountry "CZE"]

1. e4 e5 2. Nc3 Nf6 3. Bc4 Nxe4 4. Qh5 Nd6 5. Qxe5+ Qe7 6. Qxe7+ Bxe7 7. Bb3 c6 8. Nf3 Nf5 9. O-O d5 10. d3 h6 11. Re1 Be6 12. Ne2 g5 13. Ned4 Nxd4 14. Nxd4 Kd7 15. Nxe6 fxe6 16. d4 Na6 17. c3 Bd6 18. Re2 Raf8 19. g3 Nc7 20. Bd2 Rf6 21. Rae1 Rhf8 22. Be3 Ne8 23. c4 Ng7 24. c5 Bc7 25. Bc2 1/2-1/2

[Event "31st Klatovy C 2025"]
[Site "Klatovy CZE"]
[Date "2025.07.01"]
[Round "4.14"]
[White "Provaznik, Jan"]
[Black "Novotny, Jaromir"]
[Result "0-1"]
[WhiteElo "1846"]
[BlackElo "1765"]
[PlyCount "78"]
[EventDate "2025.06.28"]
[EventType "swiss"]
[EventRounds "9"]
[EventCountry "CZE"]

1. d4 Nf6 2. Nf3 d5 3. e3 Bf5 4. c4 e6 5. Nc3 c6 6. c5 Be7 7. b4 a6 8. Bd3 Bg6 9. Bb2 Nbd7 10. a4 b5 11. O-O O-O 12. Ne5 Qc7 13. Nxg6 hxg6 14. f4 Rfb8 15. a5 Nf8 16. Qf3 N6h7 17. g4 f5 18. g5 Nd7 19. h4 Kf7 20. h5 Rh8 21. hxg6+ Kxg6 22. Rf2 Kf7 23. Rg2 Nhf8 24. Kf2 Ng6 25. Qg3 Rh7 26. Rgg1 Rah8 27. Bf1 Ndf8 28. Bg2 Rh2 29. Rh1 R8h3 30. Qxh3 Rxh3 31. Rxh3 Nxf4 32. exf4 Qxf4+ 33. Kg1 Qxd4+ 34. Kh1 Qxb4 35. Ba3 Qg4 36. Re1 b4 37. Ree3 bxa3 38. Rhg3 Qb4 39. Na2 Qb1+ 0-1

[Event "31st Klatovy C 2025"]
[Site "Klatovy CZE"]
[Date "2025.07.01"]
[Round "4.15"]
[White "Bazantova, Marie"]
[Black "Svec, Ludek"]
[Result "1/2-1/2"]
[WhiteElo "1854"]
[BlackElo "1755"]
[PlyCount "59"]
[EventDate "2025.06.28"]
[EventType "swiss"]
[EventRounds "9"]
[EventCountry "CZE"]

1. e4 c5 2. c3 Nf6 3. e5 Nd5 4. d4 cxd4 5. cxd4 e6 6. Nc3 Nxc3 7. bxc3 d6 8. Nf3 Nc6 9. exd6 Qxd6 10. Bd3 Be7 11. Qe2 O-O 12. Qe4 f5 13. Qe2 Bd7 14. O-O Rfe8 15. Re1 Bf6 16. Qc2 Rac8 17. Qb1 b6 18. a4 Qc7 19. Bd2 Rcd8 20. Qa2 Kh8 21. Bc4 Qc8 22. Bg5 h6 23. Bxf6 gxf6 24. Re3 f4 25. Ree1 e5 26. dxe5 fxe5 27. Qe2 Bg4 28. Qe4 Bf5 29. Qe2 Bg4 30. Qe4 1/2-1/2

[Event "31st Klatovy C 2025"]
[Site "Klatovy CZE"]
[Date "2025.07.01"]
[Round "4.16"]
[White "Vachal, Josef 1957"]
[Black "Malik, Zdenek"]
[Result "1-0"]
[WhiteElo "1845"]
[BlackElo "1715"]
[PlyCount "53"]
[EventDate "2025.06.28"]
[EventType "swiss"]
[EventRounds "9"]
[EventCountry "CZE"]

1. d4 Nf6 2. Nf3 e6 3. c4 d5 4. Nc3 Nbd7 5. g3 c6 6. Bg2 dxc4 7. O-O Bd6 8. e4 e5 9. Nh4 O-O 10. dxe5 Bxe5 11. Be3 Re8 12. Qc2 Bxc3 13. bxc3 Ne5 14. f4 Nd3 15. e5 Nd5 16. Bd4 c5 17. Bf2 g6 18. Rad1 Be6 19. Be4 Bh3 20. Ng2 Rc8 21. Bxd3 cxd3 22. Qxd3 Bxg2 23. Kxg2 Ne7 24. Qxd8 Rexd8 25. Rxd8+ Rxd8 26. Bxc5 b6 27. Bxe7 1-0